Vidas secas /

Сохранить в:
Библиографические подробности
Главный автор: Ramos, Graciliano, 1892-
Формат: Неизвестно
Язык:Portuguese
Опубликовано: Sao Paulo : Martins, 1972.
Предметы:
Метки: Добавить метку
Нет меток, Требуется 1-ая метка записи!

MARC

LEADER 000000000a22000000004500
001 014453
041 0 |a por 
082 0 4 |a Br869.34   |b R175v 
100 1 |a Ramos, Graciliano,   |d 1892- 
245 1 0 |a Vidas secas /   |c Graciliano Ramos 
260 1 |a Sao Paulo :   |b Martins,   |c 1972. 
300 |a 160 páginas 
650 4 |a LITERATURA BRASILEÑA 
650 4 |a NOVELA 
500 |a Colección George Yúdice 
999 |c 20342  |d 20342 
942 |c BK  |h Br869.34 R175v  |2 z